[Event "66th Bulgarian Individual Women's Chess Championship "]
[Site "Pleven"]
[Date "2017.03.02"]
[Round "5"]
[Board "2"]
[White "RADEVA, Viktoria"]
[Black "IVANOVA, Simoneta"]
[Result "1-0"]
[WhiteElo "2141"]
[BlackElo "2153"]
[PlyCount "139"]
[EventDate "2017.02.26"]
[EventRounds "9"]
[EventCountry "BUL"]

1. e4 d5 2. exd5 Qxd5 3. Nc3 Qd6 4. d4 c6 5. Nf3 Nf6 6. Be2 Bg4 7. h3 Bxf3 8.
Bxf3 e6 9. Bg5 Nbd7 10. Qd2 Qb4 11. O-O Be7 12. a3 Qb6 13. Rfe1 O-O 14. Bf4
Rfd8 15. b3 Nf8 16. Be5 Ng6 17. Na4 Qa6 18. Bg3 c5 19. Qe2 Qxe2 20. Rxe2 Rxd4
21. Bxb7 Rad8 22. Nb2 Nh5 23. Nc4 Nxg3 24. fxg3 Bf6 25. Rae1 h5 26. Be4 Ne7 27.
Bd3 Nd5 28. Re4 Nc3 29. Rxd4 Bxd4+ 30. Kf1 g6 31. Ne5 Rd6 32. Nf3 Bf6 33. Kf2
Kg7 34. Nd2 Bd4+ 35. Kf1 e5 36. Ne4 Nxe4 37. Bxe4 f5 38. Bd3 e4 39. Be2 Be5 40.
Rd1 Rxd1+ 41. Bxd1 Bxg3 42. Be2 Kf6 43. Bb5 Be5 44. Be8 Bb2 45. a4 h4 46. Ke2
Bc3 47. Kd1 g5 48. Bd7 Ke5 49. Ke2 Kf4 50. Kf1 g4 51. hxg4 fxg4 52. Bc8 Kg3 53.
Bb7 e3 54. Ke2 h3 55. gxh3 Kxh3 56. Kxe3 g3 57. Kd3 Be1 58. Kc4 Bf2 59. Kb5 g2
60. Bxg2+ Kxg2 61. c4 Kf3 62. Ka6 Ke4 63. Kxa7 Kd3 64. a5 Kc3 65. a6 Kxb3 66.
Kb7 Kxc4 67. a7 Kd3 68. a8=Q c4 69. Qa6 Bd4 70. Kc6 1-0

[Event "66th Bulgarian Individual Women's Chess Championship "]
[Site "Pleven"]
[Date "2017.03.02"]
[Round "5"]
[Board "3"]
[White "NIKOLOVA, Adriana"]
[Black "YORDANOVA, Svetla"]
[Result "1/2-1/2"]
[WhiteElo "2352"]
[BlackElo "2138"]
[PlyCount "129"]
[EventDate "2017.02.26"]
[EventRounds "9"]
[EventCountry "BUL"]

1. e4 e5 2. Nf3 Nc6 3. Nc3 Nf6 4. Bb5 Bb4 5. O-O O-O 6. d3 d6 7. Bg5 Bxc3 8.
bxc3 Qe7 9. Re1 Nd8 10. d4 Ne6 11. Bd2 Rd8 12. Bd3 Nf8 13. Nh4 Ng4 14. g3 g6
15. f4 exd4 16. cxd4 c5 17. f5 Nf6 18. e5 dxe5 19. dxe5 c4 20. exf6 Qc5+ 21.
Be3 Qc6 22. Qg4 cxd3 23. Qg5 h6 24. Qxh6 Qxf6 25. Bg5 Qd4+ 26. Kg2 Bxf5 27.
Nxf5 Qd5+ 28. Kg1 Qxf5 29. Bxd8 Rxd8 30. cxd3 Rxd3 31. Qf4 Qc5+ 32. Qf2 Qd5 33.
Rf1 Nh7 34. Qg2 Qd7 35. Rae1 Ng5 36. Kh1 Rd2 37. Re2 Rd6 38. h4 Ne6 39. Ref2
Nd8 40. Re2 Ne6 41. Kh2 Nd4 42. Rb2 b6 43. Rbf2 Nf5 44. g4 Nh6 45. Kh3 Rd3+ 46.
Rf3 Rd2 47. R1f2 Rd1 48. Rf4 Rd3+ 49. Kh2 Kg7 50. Qe4 Rd2 51. Kg3 Rd3+ 52. Kg2
Rd5 53. Qc4 Qb7 54. Kh2 Rd1 55. Qc3+ Kg8 56. R2f3 Qe7 57. Kg3 Qe2 58. Qc8+ Kg7
59. Qc3+ Kg8 60. Qc8+ Kg7 61. Qc3+ Kg8 62. Qc8+ Kg7 63. Qc3+ Kg8 64. Qc8+ Kg7
65. Qc3+ 1/2-1/2

[Event "66th Bulgarian Individual Women's Chess Championship "]
[Site "Pleven"]
[Date "2017.03.02"]
[Round "5"]
[Board "4"]
[White "ANTOVA, Gabriela"]
[Black "SHIVACHEVA, Donika"]
[Result "1-0"]
[WhiteElo "2072"]
[BlackElo "1959"]
[PlyCount "45"]
[EventDate "2017.02.26"]
[EventRounds "9"]
[EventCountry "BUL"]

1. d4 e6 2. c4 b6 3. Nf3 Bb7 4. a3 f5 5. d5 exd5 6. cxd5 Nf6 7. Nc3 a5 8. g3
Na6 9. Bf4 d6 10. Bg2 Qd7 11. O-O Be7 12. Nd4 Nc5 13. Qc2 g6 14. b4 Nce4 15.
Ne6 Bxd5 16. Nxd5 Nxd5 17. Bxe4 fxe4 18. Qxe4 c6 19. b5 Nxf4 20. Nxf4 Rc8 21.
bxc6 Rxc6 22. Nd5 Kf7 23. Nxe7 1-0

[Event "66th Bulgarian Individual Women's Chess Championship "]
[Site "Pleven"]
[Date "2017.03.02"]
[Round "5"]
[Board "5"]
[White "PEYCHEVA, Gergana"]
[Black "SALIMOVA, Nurgyul"]
[Result "0-1"]
[WhiteElo "2133"]
[BlackElo "2091"]
[PlyCount "204"]
[EventDate "2017.02.26"]
[EventRounds "9"]
[EventCountry "BUL"]

1. d4 Nf6 2. c4 g6 3. Nc3 d5 4. Nf3 Bg7 5. e3 O-O 6. Qb3 c6 7. Bd2 Qb6 8. Bd3
Be6 9. O-O dxc4 10. Bxc4 Qxb3 11. axb3 Bf5 12. Rfe1 Ne4 13. Nxe4 Bxe4 14. Bb4
Bxf3 15. gxf3 Re8 16. Red1 Nd7 17. e4 e6 18. Bc3 a6 19. Kg2 Rad8 20. Rd2 Nf6
21. Ba5 Rd7 22. Rdd1 Nh5 23. Bb6 Bf6 24. Bf1 Bh4 25. Rac1 Nf4+ 26. Kg1 Bd8 27.
Bc5 Bc7 28. Rd2 Red8 29. Rcd1 e5 30. h4 h5 31. Kh1 b6 32. Bb4 exd4 33. Bxa6 c5
34. Bb5 cxb4 35. Bxd7 Rxd7 36. Rxd4 Rxd4 37. Rxd4 Ne6 38. Rxb4 f6 39. Kg2 Kf7
40. Rc4 Ke7 41. b4 Kd7 42. b5 Nf4+ 43. Kg1 g5 44. hxg5 fxg5 45. Rc6 h4 46. e5
h3 47. Kh2 Bxe5 48. Rh6 Bd4 49. Kg3 Ke7 50. b3 Kf7 51. Rc6 Kg7 52. Rd6 Bc5 53.
Rc6 h2 54. Kxh2 Bxf2 55. Rc2 Be3 56. Kg3 Kf6 57. Kg4 Nd5 58. Rc6+ Ke5 59. Rc8
Nf6+ 60. Kg3 Kd4 61. Rc6 Nd5 62. Kg4 Bf4 63. Rc4+ Kd3 64. Rc6 Ke2 65. Rc2+ Bd2
66. Rc6 Be3 67. Rc2+ Kd3 68. Rc6 Nc3 69. Rd6+ Ke2 70. Rxb6 Bxb6 71. Kxg5 Kxf3
72. Kf5 Nxb5 73. Ke5 Nd4 74. b4 Nc6+ 75. Kd5 Nxb4+ 76. Kc4 Nc2 77. Kd5 Bd4 78.
Ke6 Ne3 79. Kd6 Ke4 80. Ke6 Be5 81. Kd7 Kd5 82. Ke7 Nf5+ 83. Kd7 Bd6 84. Kc8
Kc6 85. Kd8 Bc7+ 86. Ke8 Kd6 87. Kf7 Bd8 88. Kg6 Ke6 89. Kh5 Ne3 90. Kg6 Bf6
91. Kh5 Kf5 92. Kh6 Ng4+ 93. Kh5 Ne5 94. Kh6 Kg4 95. Kh7 Kh5 96. Kg8 Be7 97.
Kg7 Kg5 98. Kh7 Bf8 99. Kg8 Bh6 100. Kh7 Nd7 101. Kg8 Kg6 102. Kh8 Bg7+ 0-1

[Event "66th Bulgarian Individual Women's Chess Championship "]
[Site "Pleven"]
[Date "2017.03.03"]
[Round "6"]
[Board "1"]
[White "IVANOVA, Dilyana"]
[Black "SALIMOVA, Nurgyul"]
[Result "0-1"]
[WhiteElo "1496"]
[BlackElo "2091"]
[PlyCount "74"]
[EventDate "2017.02.26"]
[EventRounds "9"]
[EventCountry "BUL"]

1. e4 c5 2. Nf3 Nc6 3. d4 cxd4 4. Nxd4 g6 5. Nc3 Bg7 6. Be3 Nf6 7. Bc4 Qa5 8.
f3 Qb4 9. Bb3 Nxe4 10. fxe4 Bxd4 11. Bxd4 Qxd4 12. Rf1 Qe3+ 13. Qe2 Qxe2+ 14.
Kxe2 O-O 15. Nd5 b6 16. Ba4 Ba6+ 17. Ke3 Bxf1 18. Rxf1 Rae8 19. Nc7 Rc8 20. Nd5
Kg7 21. Rf2 f5 22. exf5 Rxf5 23. Rxf5 gxf5 24. Kf4 e6 25. Nc3 Kf6 26. g3 d5 27.
h3 d4 28. Ne2 e5+ 29. Kf3 Na5 30. b4 Nc4 31. Bb3 Nd2+ 32. Kf2 d3 33. Nc1 Ne4+
34. Ke3 d2 35. Nd3 d1=Q 36. a4 Qd2+ 37. Kf3 Ng5# 0-1

[Event "66th Bulgarian Individual Women's Chess Championship "]
[Site "Pleven"]
[Date "2017.03.03"]
[Round "6"]
[Board "2"]
[White "SHIVACHEVA, Donika"]
[Black "PEYCHEVA, Gergana"]
[Result "0-1"]
[WhiteElo "1959"]
[BlackElo "2133"]
[PlyCount "82"]
[EventDate "2017.02.26"]
[EventRounds "9"]
[EventCountry "BUL"]

1. e4 c5 2. Nc3 Nc6 3. f4 g6 4. Nf3 Bg7 5. Bb5 Nd4 6. O-O a6 7. Bd3 d6 8. Nxd4
cxd4 9. Ne2 Nf6 10. Ng3 O-O 11. c3 dxc3 12. dxc3 b5 13. f5 Bb7 14. Be3 Qc7 15.
Bc2 Rad8 16. a4 d5 17. e5 Ne4 18. fxg6 hxg6 19. e6 Nxg3 20. hxg3 Qxg3 21. Bf4
Qh4 22. Bc7 Rc8 23. exf7+ Rxf7 24. Bxg6 Rxf1+ 25. Qxf1 d4 26. Bb6 dxc3 27. bxc3
Bxc3 28. Qf7+ Kh8 29. Bf2 Qh6 30. Rd1 Bf6 31. Bf5 Rg8 32. Rd5 Bxd5 33. Qxd5
Qc1+ 34. Kh2 Qf4+ 35. Kg1 Qxa4 36. Qd3 Qa1+ 37. Kh2 Qc3 38. Qb1 Be5+ 39. Kh1
Qa1 40. Bc5 Qxb1+ 41. Bxb1 Rc8 0-1

[Event "66th Bulgarian Individual Women's Chess Championship "]
[Site "Pleven"]
[Date "2017.03.03"]
[Round "6"]
[Board "3"]
[White "YORDANOVA, Svetla"]
[Black "ANTOVA, Gabriela"]
[Result "0-1"]
[WhiteElo "2138"]
[BlackElo "2072"]
[PlyCount "122"]
[EventDate "2017.02.26"]
[EventRounds "9"]
[EventCountry "BUL"]

1. Nf3 d5 2. e3 c5 3. b3 Nf6 4. Bb2 Nc6 5. Bb5 Bg4 6. h3 Bh5 7. g4 Bg6 8. Ne5
Qc7 9. Bxc6+ bxc6 10. d3 Nd7 11. Nxd7 Qxd7 12. f4 e6 13. Nd2 f6 14. Qf3 Bd6 15.
e4 Qc7 16. Rf1 O-O-O 17. O-O-O h5 18. f5 Bf7 19. g5 fxg5 20. Bxg7 Rhg8 21. Bb2
g4 22. hxg4 hxg4 23. Qg2 exf5 24. Rxf5 Rdf8 25. e5 Be7 26. Rdf1 Be6 27. Rxf8+
Rxf8 28. a4 Qd8 29. Rh1 Rh8 30. Re1 Qf8 31. Kb1 Qf4 32. Rf1 Rh2 33. Rxf4 Rxg2
34. Nf1 g3 35. Bc1 Rg1 36. Nxg3 Rxg3 37. Rf1 Kd7 38. Rh1 Rh3 39. Rxh3 Bxh3 40.
Bf4 Ke6 41. Bg3 Bf8 42. Bf4 a6 43. Bg3 Bf1 44. Bh2 Be2 45. Bg3 Kf5 46. Bh2 Bg7
47. Bg1 d4 48. Bf2 Bxe5 49. Bh4 Bd6 50. Bd8 Kf4 51. Kc1 Kf3 52. Kb2 Ke3 53.
Bg5+ Bf4 54. Be7 Bxd3 55. cxd3 Kxd3 56. Bxc5 Be3 57. b4 Ke2 58. b5 cxb5 59.
axb5 axb5 60. Bxd4 Bxd4+ 61. Kb3 Bc5 0-1

[Event "66th Bulgarian Individual Women's Chess Championship "]
[Site "Pleven"]
[Date "2017.03.03"]
[Round "6"]
[Board "4"]
[White "IVANOVA, Simoneta"]
[Black "NIKOLOVA, Adriana"]
[Result "0-1"]
[WhiteElo "2153"]
[BlackElo "2352"]
[PlyCount "58"]
[EventDate "2017.02.26"]
[EventRounds "9"]
[EventCountry "BUL"]

1. d4 d5 2. Bf4 Nf6 3. e3 e6 4. Bd3 Bd6 5. Bg3 c5 6. c3 Nc6 7. Nd2 e5 8. dxc5
Bxc5 9. Bb5 Bd6 10. Ngf3 Qe7 11. O-O O-O 12. c4 a6 13. Ba4 e4 14. Ne1 Bxg3 15.
hxg3 Bg4 16. Qc2 Nb4 17. Qc3 Be2 18. a3 Bxf1 19. Kxf1 Nc6 20. cxd5 Nxd5 21. Qc2
Nf6 22. b4 Rac8 23. Qa2 Ne5 24. Bc2 Neg4 25. Qb1 Rfe8 26. Nb3 Qe5 27. Nd4 Qh5
28. Qa2 Qh1+ 29. Ke2 Qg1 0-1

[Event "66th Bulgarian Individual Women's Chess Championship "]
[Site "Pleven"]
[Date "2017.03.03"]
[Round "6"]
[Board "5"]
[White "VOISKA, Margarita"]
[Black "RADEVA, Viktoria"]
[Result "1/2-1/2"]
[WhiteElo "2256"]
[BlackElo "2141"]
[PlyCount "80"]
[EventDate "2017.02.26"]
[EventRounds "9"]
[EventCountry "BUL"]

1. c4 c5 2. Nf3 Nc6 3. g3 g6 4. Bg2 Bg7 5. Nc3 e5 6. O-O Nge7 7. Ne1 O-O 8. Nc2
d6 9. Ne3 a6 10. Ned5 Rb8 11. a4 Be6 12. d3 Nd4 13. Nxe7+ Qxe7 14. e3 Nc6 15.
Nd5 Qd8 16. Bd2 Ne7 17. Nxe7+ Qxe7 18. a5 Rfd8 19. e4 f5 20. f3 Rf8 21. b4 f4
22. Rb1 Bf6 23. bxc5 dxc5 24. Rb6 Qd7 25. Bc3 fxg3 26. hxg3 Bd8 27. Rb2 Bc7 28.
Rd2 b5 29. axb6 Rxb6 30. Qa1 Qd6 31. Rb1 Rxb1+ 32. Qxb1 Rb8 33. Qa1 Rb3 34. Bf1
Bc8 35. Rf2 Qe7 36. Qc1 Bd6 37. Qc2 Rb6 38. Qd2 Rb3 39. Qc2 Rb6 40. Qc1 Rb3
 1/2-1/2

[Event "66th Bulgarian Individual Women's Chess Championship "]
[Site "Pleven"]
[Date "2017.03.04"]
[Round "7"]
[Board "1"]
[White "RADEVA, Viktoria"]
[Black "IVANOVA, Dilyana"]
[Result "1-0"]
[WhiteElo "2141"]
[BlackElo "1496"]
[PlyCount "85"]
[EventDate "2017.02.26"]
[EventRounds "9"]
[EventCountry "BUL"]

1. e4 c5 2. Nf3 e6 3. d4 cxd4 4. Nxd4 Nf6 5. Nc3 d6 6. Be2 a6 7. f4 Be7 8. O-O
O-O 9. Bf3 Qc7 10. Qe1 Nbd7 11. Kh1 Rb8 12. Qg3 Re8 13. a4 b6 14. Bd2 Bb7 15.
Rae1 Qc4 16. Nb3 e5 17. f5 d5 18. Bh6 Bf8 19. exd5 Nxd5 20. Nd2 Qc5 21. Nde4
Qc6 22. Bxg7 Bxg7 23. Nxd5 Kh8 24. f6 Bh6 25. Qh4 Bf4 26. Nxf4 exf4 27. Qh6 Rg8
28. Ng5 Rxg5 29. Bxc6 Rg6 30. Qxg6 hxg6 31. Bxd7 Rd8 32. Re8+ Rxe8 33. Bxe8 a5
34. Bxf7 Kh7 35. Rxf4 g5 36. Rf2 Kh6 37. Bb3 Kg6 38. f7 Bc6 39. f8=R b5 40.
R2f6+ Kg7 41. R8f7+ Kh8 42. Rxc6 bxa4 43. Rc8# 1-0

[Event "66th Bulgarian Individual Women's Chess Championship "]
[Site "Pleven"]
[Date "2017.03.04"]
[Round "7"]
[Board "2"]
[White "NIKOLOVA, Adriana"]
[Black "VOISKA, Margarita"]
[Result "1/2-1/2"]
[WhiteElo "2352"]
[BlackElo "2256"]
[PlyCount "61"]
[EventDate "2017.02.26"]
[EventRounds "9"]
[EventCountry "BUL"]

1. e4 c6 2. d4 d5 3. exd5 cxd5 4. c3 Nc6 5. Nf3 Nf6 6. Bd3 Bg4 7. Bf4 e6 8.
Nbd2 Bd6 9. Bxd6 Qxd6 10. O-O O-O 11. Re1 a6 12. Qb3 Qc7 13. Ne5 Bh5 14. f4 b5
15. Qc2 Bg6 16. Bxg6 hxg6 17. Qd3 Rfc8 18. Rac1 Qb6 19. a3 a5 20. Qh3 Nd8 21.
Nd3 Nc6 22. Ne5 b4 23. axb4 axb4 24. Nxg6 fxg6 25. Qxe6+ Kh7 26. Qh3+ Kg8 27.
Qe6+ Kh7 28. Qh3+ Kg8 29. Qe6+ Kh7 30. Qh3+ Kg8 31. Qe6+ 1/2-1/2

[Event "66th Bulgarian Individual Women's Chess Championship "]
[Site "Pleven"]
[Date "2017.03.04"]
[Round "7"]
[Board "3"]
[White "ANTOVA, Gabriela"]
[Black "IVANOVA, Simoneta"]
[Result "1/2-1/2"]
[WhiteElo "2072"]
[BlackElo "2153"]
[PlyCount "83"]
[EventDate "2017.02.26"]
[EventRounds "9"]
[EventCountry "BUL"]

1. d4 Nf6 2. c4 e6 3. Nf3 Bb4+ 4. Nbd2 O-O 5. a3 Be7 6. e4 d6 7. Be2 Nbd7 8. b4
e5 9. dxe5 Nxe5 10. Nxe5 dxe5 11. Bb2 a5 12. Bc3 axb4 13. axb4 Rxa1 14. Qxa1 b6
15. O-O Bb7 16. f3 Bd6 17. Qb2 Nh5 18. Rd1 Qg5 19. Kh1 Bc8 20. Nb3 Be6 21. Bd2
Qh4 22. Be1 Qg5 23. Bf1 Ra8 24. Ra1 Rxa1 25. Qxa1 Qe3 26. Qc3 Qxc3 27. Bxc3 Nf6
28. Na1 Nd7 29. Nc2 g6 30. Ne3 Kf8 31. Bd3 f6 32. Kg1 c5 33. b5 Kf7 34. Kf2 Bf8
35. g3 Bh6 36. Bb2 Bxe3+ 37. Kxe3 f5 38. Be2 Ke7 39. f4 exf4+ 40. Kxf4 fxe4 41.
Kxe4 Nf6+ 42. Kf4 1/2-1/2

[Event "66th Bulgarian Individual Women's Chess Championship "]
[Site "Pleven"]
[Date "2017.03.04"]
[Round "7"]
[Board "4"]
[White "PEYCHEVA, Gergana"]
[Black "YORDANOVA, Svetla"]
[Result "1-0"]
[WhiteElo "2133"]
[BlackElo "2138"]
[PlyCount "119"]
[EventDate "2017.02.26"]
[EventRounds "9"]
[EventCountry "BUL"]

1. d4 d6 2. c4 e5 3. d5 g6 4. e4 Bg7 5. Nc3 Ne7 6. Be3 f5 7. Nf3 f4 8. Bd2 h6
9. h4 O-O 10. Qc2 c6 11. Be2 Na6 12. O-O-O cxd5 13. cxd5 Bg4 14. Bxa6 bxa6 15.
Rdf1 Rc8 16. Kb1 Rf7 17. Qa4 Rb8 18. Ne1 Qb6 19. Nd3 Qd4 20. Qc2 Nc8 21. f3 Bd7
22. Be1 Qb6 23. Bf2 Qa5 24. Rc1 Nb6 25. Qb3 Be8 26. Nb4 Na4 27. a3 Rfb7 28.
Nxa4 Bxa4 29. Qc4 Bb5 30. Qc3 Bd7 31. Rc2 Bf6 32. Be1 Qb5 33. Qd3 Qxd3 34. Nxd3
Ba4 35. Rf2 Rb3 36. Nb4 a5 37. Nc6 Bxc6 38. dxc6 Bd8 39. Rc2 Bc7 40. Bf2 Rxa3
41. Bxa7 Rb5 42. Rd1 Rab3 43. Ka2 a4 44. Bf2 Kf7 45. Rdd2 Ke6 46. Rc4 R3b4 47.
Rxb4 Rxb4 48. Rc2 d5 49. Ka3 Rb8 50. exd5+ Kxd5 51. Kxa4 Ra8+ 52. Kb5 Rb8+ 53.
Ka4 Ra8+ 54. Kb5 Rb8+ 55. Ka6 Rb3 56. Rc5+ Kd6 57. Rb5 Rd3 58. Kb7 e4 59. fxe4
Rd2 60. Rd5+ 1-0

[Event "66th Bulgarian Individual Women's Chess Championship "]
[Site "Pleven"]
[Date "2017.03.04"]
[Round "7"]
[Board "5"]
[White "SALIMOVA, Nurgyul"]
[Black "SHIVACHEVA, Donika"]
[Result "1-0"]
[WhiteElo "2091"]
[BlackElo "1959"]
[PlyCount "49"]
[EventDate "2017.02.26"]
[EventRounds "9"]
[EventCountry "BUL"]

1. e4 d5 2. exd5 Qxd5 3. Nc3 Qd8 4. d4 Nf6 5. Bc4 a6 6. Bg5 Nbd7 7. Nf3 e6 8.
Qe2 Be7 9. d5 b5 10. dxe6 bxc4 11. exd7+ Bxd7 12. Bxf6 gxf6 13. Rd1 O-O 14. O-O
Rb8 15. Qd2 Bd6 16. Qh6 Bf5 17. Nd4 Qc8 18. Qxf6 Bg6 19. Nc6 Rb7 20. Nd5 Re8
21. Rfe1 h5 22. Nde7+ Bxe7 23. Nxe7+ Rxe7 24. Rxe7 Rb6 25. Qe5 1-0

[Event "66th Bulgarian Individual Women's Chess Championship "]
[Site "Pleven"]
[Date "2017.03.05"]
[Round "8"]
[Board "1"]
[White "IVANOVA, Dilyana"]
[Black "SHIVACHEVA, Donika"]
[Result "0-1"]
[WhiteElo "1496"]
[BlackElo "1959"]
[PlyCount "120"]
[EventDate "2017.02.26"]
[EventRounds "9"]
[EventCountry "BUL"]

1. e4 Nc6 2. Nf3 d6 3. d4 Bg4 4. Be3 Nf6 5. Nc3 e6 6. h3 Bh5 7. Bb5 a6 8. Ba4
Nd7 9. O-O Be7 10. Qe2 b5 11. Bb3 Na5 12. Bd2 Nxb3 13. axb3 O-O 14. Qd3 Bg6 15.
Ra2 d5 16. Qe2 b4 17. Nd1 Bxe4 18. c3 Bc2 19. Rxa6 Bxb3 20. Ne3 Rxa6 21. Qxa6
bxc3 22. bxc3 c5 23. Qb7 c4 24. Ra1 Nf6 25. Ne5 Qe8 26. Ra7 Bd6 27. Bc1 Qb8 28.
Qxb8 Bxb8 29. Ra8 Bd6 30. Rxf8+ Kxf8 31. f4 Ne4 32. Bb2 f6 33. Nc6 Bxf4 34. Nf1
Bd1 35. g4 Be2 36. Nb4 Ke8 37. Nc6 Bxf1 38. Kxf1 Bd2 39. Ke2 Bxc3 40. Bxc3
Nxc3+ 41. Kd2 Ne4+ 42. Kc2 Nf2 43. h4 Nxg4 44. Kc3 g5 45. hxg5 fxg5 46. Kd2 h5
47. Nb4 h4 48. Ke2 Nf6 49. Kf3 g4+ 50. Kg2 Ne4 51. Kg1 c3 52. Nc2 Kf7 53. Kg2
Kg6 54. Kh2 Kg5 55. Kg2 Kf4 56. Kh2 Kf3 57. Kg1 g3 58. Kf1 h3 59. Kg1 h2+ 60.
Kh1 Nf2# 0-1

[Event "66th Bulgarian Individual Women's Chess Championship "]
[Site "Pleven"]
[Date "2017.03.05"]
[Round "8"]
[Board "2"]
[White "YORDANOVA, Svetla"]
[Black "SALIMOVA, Nurgyul"]
[Result "1/2-1/2"]
[WhiteElo "2138"]
[BlackElo "2091"]
[PlyCount "99"]
[EventDate "2017.02.26"]
[EventRounds "9"]
[EventCountry "BUL"]

1. d4 Nf6 2. g3 g6 3. Bg2 d5 4. Nf3 Bg7 5. O-O O-O 6. c4 Nc6 7. cxd5 Nxd5 8. e4
Nb6 9. d5 Na5 10. Nc3 c6 11. Bg5 h6 12. Bf4 Nac4 13. Qb3 e6 14. dxc6 bxc6 15.
Rad1 Qe7 16. Rfe1 e5 17. Bc1 Be6 18. Qc2 Nd6 19. b3 Nb5 20. Nxb5 cxb5 21. Qd3
b4 22. Qd6 Qxd6 23. Rxd6 Rfd8 24. Rxd8+ Rxd8 25. Be3 Rc8 26. Rc1 Rxc1+ 27. Bxc1
a5 28. Be3 Nd7 29. Bf1 Bf8 30. Bb5 f6 31. Nd2 Nc5 32. f3 Kf7 33. Kf1 g5 34. g4
Bd6 35. Nc4 Bxc4+ 36. Bxc4+ Ke7 37. Ke2 Kd7 38. Bb5+ Kc7 39. Bxc5 Bxc5 40. Kd3
Kd6 41. Kc4 Be3 42. Ba4 Bb6 43. h3 Bc7 44. Be8 Bb6 45. Kb5 Bd8 46. Bf7 Bc7 47.
Bd5 Bd8 48. Bf7 Bc7 49. Bd5 Bd8 50. Bf7 1/2-1/2

[Event "66th Bulgarian Individual Women's Chess Championship "]
[Site "Pleven"]
[Date "2017.03.05"]
[Round "8"]
[Board "3"]
[White "IVANOVA, Simoneta"]
[Black "PEYCHEVA, Gergana"]
[Result "1/2-1/2"]
[WhiteElo "2153"]
[BlackElo "2133"]
[PlyCount "97"]
[EventDate "2017.02.26"]
[EventRounds "9"]
[EventCountry "BUL"]

1. d4 Nf6 2. Bg5 e6 3. e4 h6 4. Bxf6 Qxf6 5. c3 d5 6. Nd2 Qd8 7. Bd3 c5 8. Ne2
Nc6 9. O-O cxd4 10. cxd4 Be7 11. a3 dxe4 12. Bxe4 Nxd4 13. Qa4+ Nc6 14. Nd4 O-O
15. Nxc6 bxc6 16. Bxc6 Rb8 17. Rfd1 Qc7 18. b4 Bb7 19. Rac1 Rfc8 20. b5 Bxc6
21. Rxc6 Qb7 22. Rdc1 Rd8 23. Rc7 Qxb5 24. Qxb5 Rxb5 25. Rxe7 Rxd2 26. Rxa7
Rbb2 27. Rf1 Ra2 28. g3 e5 29. Ra4 Re2 30. Ra8+ Kh7 31. Ra7 Kg6 32. h4 h5 33.
Ra4 e4 34. Kg2 e3 35. Rf4 Rxa3 36. Kf3 Rxf2+ 37. Rxf2 exf2+ 38. Kxf2 f6 39. Rb4
Kf5 40. Rf4+ Ke5 41. Rb4 Rd3 42. Rb7 g6 43. Re7+ Kf5 44. Kg2 Rd4 45. Kf3 Rd5
46. Re8 Rd3+ 47. Kg2 Rd4 48. Kf3 Ra4 49. Re7 1/2-1/2

[Event "66th Bulgarian Individual Women's Chess Championship "]
[Site "Pleven"]
[Date "2017.03.05"]
[Round "8"]
[Board "4"]
[White "VOISKA, Margarita"]
[Black "ANTOVA, Gabriela"]
[Result "1/2-1/2"]
[WhiteElo "2256"]
[BlackElo "2072"]
[PlyCount "82"]
[EventDate "2017.02.26"]
[EventRounds "9"]
[EventCountry "BUL"]

1. Nf3 d5 2. g3 Nf6 3. Bg2 e6 4. d4 Be7 5. O-O O-O 6. b3 b6 7. Bb2 Bb7 8. c4
dxc4 9. bxc4 c5 10. e3 cxd4 11. exd4 Nc6 12. Nbd2 Rc8 13. Qe2 Qd6 14. Rfd1 Rfd8
15. Nb3 Qb8 16. Rac1 h6 17. Nh4 Ba6 18. Qe3 Ng4 19. Qe2 Bxh4 20. Qxg4 Bf6 21.
Ba3 Rc7 22. Qe4 Ne7 23. Bxe7 Bxe7 24. d5 Bb7 25. Qg4 exd5 26. cxd5 Rxc1 27.
Nxc1 Bf6 28. Ne2 Qe5 29. Nf4 Bg5 30. Nd3 Qc3 31. h4 Bf6 32. Nf4 Qc4 33. Qf5
Qxa2 34. Be4 Bd4 35. Rf1 g6 36. Nxg6 fxg6 37. Qxg6+ Bg7 38. Qe6+ Kf8 39. Qf5+
Kg8 40. Qe6+ Kf8 41. Qf5+ Kg8 1/2-1/2

[Event "66th Bulgarian Individual Women's Chess Championship "]
[Site "Pleven"]
[Date "2017.03.05"]
[Round "8"]
[Board "5"]
[White "RADEVA, Viktoria"]
[Black "NIKOLOVA, Adriana"]
[Result "1-0"]
[WhiteElo "2141"]
[BlackElo "2352"]
[PlyCount "113"]
[EventDate "2017.02.26"]
[EventRounds "9"]
[EventCountry "BUL"]

1. e4 d5 2. exd5 Qxd5 3. Nf3 Nf6 4. d4 Bg4 5. Be2 e6 6. h3 Bh5 7. O-O Nc6 8. c4
Qd7 9. Be3 Rd8 10. Nbd2 Be7 11. a3 a5 12. Qb3 O-O 13. Rad1 Qc8 14. Rfe1 Rd7 15.
Nb1 Rfd8 16. g4 Bg6 17. Nc3 Bd6 18. Bf1 h5 19. g5 Ne4 20. Bg2 Nxc3 21. Qxc3 b6
22. Nh4 Ne7 23. Bf3 Nf5 24. Nxf5 exf5 25. c5 bxc5 26. dxc5 f4 27. Bc1 Bf8 28.
Rxd7 Qxd7 29. Rd1 Qc8 30. Rxd8 Qxd8 31. Bxf4 Qd7 32. Bg2 Qf5 33. Be3 a4 34. Qd4
Be7 35. h4 Kh7 36. Kh2 f6 37. Qxa4 fxg5 38. hxg5 Bxc5 39. Bxc5 Qe5+ 40. Kg1
Qe1+ 41. Bf1 Bd3 42. g6+ Kxg6 43. Qc6+ Kh7 44. Qg2 Qb1 45. Bd4 g6 46. Bc3 c6
47. Qh3 Bxf1 48. Qxf1 Qf5 49. Qg2 Qb1+ 50. Kh2 Qf5 51. Qg3 Qf7 52. a4 c5 53. a5
g5 54. Qd3+ Kg8 55. Qd8+ Kh7 56. Qh8+ Kg6 57. Qg7+ 1-0

[Event "66th Bulgarian Individual Women's Chess Championship "]
[Site "Pleven"]
[Date "2017.03.06"]
[Round "9"]
[Board "1"]
[White "NIKOLOVA, Adriana"]
[Black "IVANOVA, Dilyana"]
[Result "1-0"]
[WhiteElo "2352"]
[BlackElo "1496"]
[PlyCount "143"]
[EventDate "2017.02.26"]
[EventRounds "9"]
[EventCountry "BUL"]

1. e4 c5 2. Nf3 e6 3. c3 Nf6 4. e5 Nd5 5. d4 cxd4 6. cxd4 a6 7. Bd3 b5 8. O-O
Bb7 9. Nc3 Be7 10. Qe2 Nxc3 11. bxc3 d5 12. Be3 O-O 13. Rac1 Nd7 14. Bb1 Re8
15. Qd3 Nf8 16. g3 h6 17. Nd2 Rc8 18. Qe2 Ba3 19. Rc2 b4 20. cxb4 Rxc2 21. Bxc2
Bxb4 22. Rb1 Qa5 23. Nb3 Qc7 24. Bd3 a5 25. Rc1 Qb8 26. Qg4 Kh8 27. Qh5 Kg8 28.
Nc5 Rc8 29. Rb1 Bxc5 30. dxc5 Qc7 31. Bd4 Rb8 32. Qe2 Nd7 33. f4 Bc6 34. f5
exf5 35. e6 Rxb1+ 36. Bxb1 Nf8 37. exf7+ Qxf7 38. Qe5 Bd7 39. Bc3 a4 40. a3 Ng6
41. Qd4 Bc6 42. Bc2 Qd7 43. Kf2 Kh7 44. h4 Kh8 45. Kg1 Qc7 46. Kh2 Qe7 47. Bxf5
Be8 48. Qd2 Kg8 49. Qxd5+ Bf7 50. Qd4 Be8 51. Bd3 Nf8 52. Be4 Nd7 53. Bd5+ Kh8
54. Qd2 Kh7 55. c6 Nf6 56. Bxf6 Qxf6 57. Qc2+ Bg6 58. Be4 Bxe4 59. Qxe4+ Kh8
60. c7 Qf2+ 61. Qg2 Qf8 62. Qc2 Qc8 63. Qc6 Kh7 64. h5 Kh8 65. Qc4 Kh7 66. Qd3+
Kh8 67. Qd8+ Qxd8 68. cxd8=Q+ Kh7 69. Qe8 g6 70. hxg6+ Kg7 71. Qf7+ Kh8 72.
Qh7# 1-0

[Event "66th Bulgarian Individual Women's Chess Championship "]
[Site "Pleven"]
[Date "2017.03.06"]
[Round "9"]
[Board "2"]
[White "ANTOVA, Gabriela"]
[Black "RADEVA, Viktoria"]
[Result "1/2-1/2"]
[WhiteElo "2072"]
[BlackElo "2141"]
[PlyCount "104"]
[EventDate "2017.02.26"]
[EventRounds "9"]
[EventCountry "BUL"]

1. d4 Nf6 2. Nf3 d5 3. c4 e6 4. Nc3 dxc4 5. e4 Bb4 6. Bxc4 Nxe4 7. O-O Nxc3 8.
bxc3 Be7 9. Ne5 O-O 10. Qf3 Nd7 11. Bf4 Nb6 12. Bd3 f5 13. Rad1 Bf6 14. Rfe1
Nd5 15. Bd2 Bg5 16. Bc4 c6 17. Bb3 Bxd2 18. Rxd2 Qd6 19. c4 Qb4 20. cxd5 Qxd2
21. Rd1 Qh6 22. d6 Rd8 23. Qxf5 Qf6 24. Qxf6 gxf6 25. d7 Bxd7 26. Nxd7 Rxd7 27.
Bxe6+ Rf7 28. Rb1 b6 29. Kf1 Rd8 30. Rc1 Rd6 31. Bxf7+ Kxf7 32. Ke2 Rxd4 33.
Rxc6 Ra4 34. Rc2 Ra3 35. h4 Kg6 36. g3 Kf5 37. f3 h5 38. Kf2 Ke5 39. Re2+ Kf5
40. Rd2 a6 41. Kg2 b5 42. Rb2 Rc3 43. Kf2 Ke5 44. Re2+ Kf5 45. Rb2 Ke5 46. Re2+
Kf5 47. Rb2 Ra3 48. Kg2 Ra4 49. Kh3 Rc4 50. Rd2 Rc3 51. Kg2 b4 52. Rd5+ Kg6
 1/2-1/2